| Tag |
First Indicator |
Second Indicator |
Subfields |
| LEADER |
00000cas a2200000Ia 4500 |
| 001 |
in00004036780 |
| 005 |
20190122121336.0 |
| 008 |
980602u19uuuuuuiluqr p 0 0eng d |
| 035 |
|
|
|a (OCoLC)ocm39213571
|
| 035 |
|
|
|a (OCoLC)39213571
|
| 040 |
|
|
|a AKR
|b eng
|c AKR
|d OCL
|d OCLCQ
|d OCLCF
|d OCLCO
|d TXA
|d UtOrBLW
|
| 043 |
|
|
|a n-us---
|
| 049 |
|
|
|a TXAM
|
| 090 |
|
|
|a UG638
|b .I546
|
| 130 |
0 |
|
|a Informational bulletin (Scott Air Force Base (Ill.))
|
| 245 |
1 |
0 |
|a Informational bulletin.
|
| 246 |
1 |
|
|i At head of title:
|a Training analysis and development
|
| 246 |
1 |
3 |
|a Training analysis and development informational bulletin
|
| 264 |
|
1 |
|a Scott Air Force Base, Ill. :
|b TA & D Directorate, Deputy Chief of Staff Operations
|
| 300 |
|
|
|a volumes :
|b illustrations ;
|c 19 cm.
|
| 310 |
|
|
|a Quarterly
|
| 336 |
|
|
|a text
|b txt
|2 rdacontent
|
| 337 |
|
|
|a unmediated
|b n
|2 rdamedia
|
| 338 |
|
|
|a volume
|b nc
|2 rdacarrier
|
| 500 |
|
|
|a The Cushing Library/Ragan Military copies are a gift of Ben Allen Jr. '56.
|
| 588 |
|
|
|a Description based on: Vol. 4, no. 4 (winter 1953); title from cover.
|
| 610 |
1 |
0 |
|a United States.
|b Air Force
|x History
|v Periodicals.
|
| 650 |
|
0 |
|a Flight training
|v Periodicals.
|
| 610 |
1 |
7 |
|a United States.
|b Air Force.
|2 fast
|0 (OCoLC)fst00538280
|
| 655 |
|
7 |
|a History.
|2 fast
|0 (OCoLC)fst01411628
|
| 655 |
|
7 |
|a Periodicals.
|2 fast
|0 (OCoLC)fst01411641
|
| 710 |
1 |
|
|a United States.
|b Air Force.
|b Air Training Command.
|0 http://id.loc.gov/authorities/names/n80024135
|
| 710 |
1 |
|
|a Scott Air Force Base (Ill.)
|0 http://id.loc.gov/authorities/names/n82075372
|
| 785 |
0 |
0 |
|t Instructors journal (Scott Air Force Base (Ill.))
|w (OCoLC)39365040
|
| 948 |
|
|
|a cataloged
|b h
|c 2018/10/29
|d c
|e jolivare
|
| 994 |
|
|
|a C0
|b TXA
|
| 999 |
f |
f |
|s 107b55a9-fc95-3a8b-8c51-7885bc9fd6b2
|i e85fc367-17cf-3543-a4e1-d408899ae7ca
|t 0
|
| 952 |
f |
f |
|p noncirc
|a Texas A&M University
|b College Station
|c Cushing Memorial Library & Archives
|d Cushing: Ragan Military (Does not check out)
|t 0
|e UG638 .I546
|h Library of Congress classification
|i unmediated -- volume
|
| 998 |
f |
f |
|a UG638 .I546
|s v.2:no.4 (1951/1952:Winter)
|t 0
|l Cushing: Ragan Military (Does not check out)
|